000 00747nam a2200205 i 4500
001 186898
003 ES-MaACL
005 20250809104048.0
008 170227s1932 sp |||| | spa d
100 1 _aMelgar, Francisco (
_d1903-1971)
_979948
245 1 0 _aDon Jaime el principe caballero /
_cpor Francisco Melgar.
250 _a1ª ed.
260 _aMadrid :
_bEspasa-Calpe,
_c1932.
300 _a248 p., [4]p. de lám. ;
_c18 cm.
490 1 _aVidas Españolas e Hispanoamericanas del Siglo XIX ;
_v24
600 1 4 _aBorbón y Borbón-Parma, Jaime de,
_cDuque de Madrid,
_d1870-1931
_9161892
830 0 0 _aVidas españolas e hispanoamericanas del siglo XIX
_v24
_9192640
852 _aES-MaACL
_jC-23235
999 _c186898
_d186898